000 00494nam a2200205Ia 4500
003 OSt
005 20140319104656.0
008 140130s9999 xx 000 0 und d
020 _a0590929534
050 _aPZ 7
_b.J6478We 1997
100 _aJohnston, Tony
245 _aWe Love The Dirt /
_cTony Johnston.
260 _bScholastic,
_c1997.
_aNew York :
300 _a30 p. :
_bcol. ill. ;
_c24 cm.
440 _v1
521 _aBR
526 _cBR
942 _cBK
_2lcc
999 _c41568
_d41568